书目信息 |
| 题名: |
道德情操论
|
|
| 作者: | 斯密 , Smith 著 ;蒋自强 译 | |
| 分册: | ||
| 出版信息: | 北京 商务印书馆 1997 |
|
| 页数: | 20,460页 | |
| 开本: | 20cm | |
| 丛书名: | 汉译世界学术名著丛书 | |
| 单 册: | ||
| 中图分类: | B429 | |
| 科图分类: | ||
| 主题词: | 伦理学--思想史--英国 , 哲学--非洲 | |
| 电子资源: | ||
| ISBN: | 7-100-02826-4 | |
| 000 | 00902nam2 2200301 450 | |
| 001 | 2632010043 | |
| 005 | 20260414085410.03 | |
| 010 | @a7-100-02826-4@dCNY22.00 | |
| 100 | @a20000528e19991997kemy0chiy0110 ea | |
| 101 | 1 | @achi@ceng |
| 102 | @aCN@b110000 | |
| 105 | @ay z 000yy | |
| 106 | @ar | |
| 200 | 1 | @a道德情操论@Adao de qing cao lun@f(英)亚当·斯密(Adam Smith)著@g蒋自强等译 |
| 210 | @a北京@c商务印书馆@d1997@h1999重印 | |
| 215 | @a20,460页@d20cm | |
| 225 | 2 | @a汉译世界学术名著丛书 |
| 300 | @a据伦敦1833年版译出 | |
| 410 | 0 | @12001 @a汉译世界学术名著丛书 |
| 510 | 1 | @aThe theory of moral sentiments@zeng |
| 606 | 0 | @a伦理学@x思想史@y英国 |
| 606 | 0 | @a哲学@x非洲 |
| 690 | @aB429@v4 | |
| 701 | 1 | @a斯密@Asi mi@bA.@4著 |
| 701 | 1 | @aSmith@bAdam@4著 |
| 702 | 0 | @a蒋自强@f(1927~)@Ajiang zi qiang@4译 |
| 801 | 0 | @aCN@bNLC@c19990609 |
| 905 | @a10447@dB429@e113 | |
| 道德情操论/(英)亚当·斯密(Adam Smith)著/蒋自强等译 .-北京:商务印书馆,1997(1999重印 ) |
| 20,460页;20cm .-(汉译世界学术名著丛书 ) |
| 据伦敦1833年版译出 |
| ISBN 7-100-02826-4:CNY22.00 |
| ● |
| 相关链接 |
|
|
|
|
正题名:道德情操论
索取号:B429/113
 
预约/预借
| 序号 | 登录号 | 条形码 | 馆藏地/架位号 | 状态 | 备注 |
| 1 | 1442603 | 214426030 | 第一样本阅览室/ [索取号:B429/113] | 在馆 |